| 000 | 00551nam a2200205Ii 4500 | ||
|---|---|---|---|
| 003 | JO-AjNU | ||
| 008 | 230606s9999||||xx |||||||||||||| ||und|| | ||
| 020 | _a0-460-01795-0 | ||
| 040 |
_aJO-AjNU _beng _erda _cJO-AjNU |
||
| 041 | _aeng | ||
| 050 | 1 | 4 | _aPR3383.1970 |
| 100 | 3 |
_aMilton , John, _eauthor _95483 |
|
| 245 | 0 | 0 | _aProse Writing |
| 264 | 3 | 1 | _aLondon : Everyman,s Library, 1970 |
| 300 | _a367p | ||
| 336 |
_atext _btxt _2rdacontent |
||
| 337 |
_aunmediated _bn _2rdamedia |
||
| 338 |
_avolume _bnc _2rdacarrier |
||
| 650 | 4 |
_awriting _95484 |
|
| 999 |
_aE2834 _c2832 _d2832 |
||